Применение систем СAD/CAM/CAE в проектировании шагающей мобильной платформы; Современные техника и технологии; Т. 2

التفاصيل البيبلوغرافية
Parent link:Современные техника и технологии: сборник трудов XX международной научно-практической конференции студентов, аспирантов и молодых ученых, Томск, 14-18 апреля 2014 г./ Национальный исследовательский Томский политехнический университет (ТПУ).— , 2014
Т. 2.— 2014.— [С. 239-240]
المؤلف الرئيسي: Репин Д. Н.
مؤلف مشترك: Национальный исследовательский Томский политехнический университет (ТПУ) Институт кибернетики (ИК) Кафедра интегрированных компьютерных систем управления (ИКСУ)
مؤلفون آخرون: Тутов И. А. Иван Андреевич (научный руководитель)
الملخص:Заглавие с титульного экрана
اللغة:الروسية
منشور في: 2014
سلاسل:Информатика и управление в технических системах
الموضوعات:
الوصول للمادة أونلاين:http://earchive.tpu.ru/handle/11683/20821
http://www.lib.tpu.ru/fulltext/c/2014/C01/V2/117.pdf
التنسيق: الكتروني فصل الكتاب
KOHA link:https://koha.lib.tpu.ru/cgi-bin/koha/opac-detail.pl?biblionumber=607002

MARC

LEADER 00000naa2a2200000 4500
001 607002
005 20260311145335.0
035 |a (RuTPU)RU\TPU\conf\4381 
035 |a RU\TPU\conf\4380 
090 |a 607002 
100 |a 20140625d2014 k y0rusy50 ca 
101 0 |a rus 
102 |a RU 
135 |a drcn ---uucaa 
181 0 |a i  
182 0 |a b 
200 1 |a Применение систем СAD/CAM/CAE в проектировании шагающей мобильной платформы  |f Д. Н. Репин  |g науч. рук. И. А. Тутов 
203 |a Текст  |c электронный 
225 1 |a Информатика и управление в технических системах 
300 |a Заглавие с титульного экрана 
320 |a [Библиогр.: с. 240 (7 назв.)] 
337 |a Adobe Reader 
461 1 |0 (RuTPU)RU\TPU\conf\3687  |t Современные техника и технологии  |o сборник трудов XX международной научно-практической конференции студентов, аспирантов и молодых ученых, Томск, 14-18 апреля 2014 г.  |o в 3 т.  |f Национальный исследовательский Томский политехнический университет (ТПУ)   |d 2014 
463 1 |0 (RuTPU)RU\TPU\conf\3689  |t Т. 2  |v [С. 239-240]  |d 2014 
610 1 |a труды учёных ТПУ 
610 1 |a электронный ресурс 
610 1 |a шагающие аппараты 
610 1 |a мобильные платформы 
610 1 |a информационные технологии 
610 1 |a микропроцессоры 
610 1 |a локальные сети 
610 1 |a робототехника 
700 1 |a Репин  |b Д. Н. 
702 1 |a Тутов  |b И. А.  |c специалист в области автоматического управления  |c ассистент Томского политехнического университета  |f 1989-  |g Иван Андреевич  |4 727 
712 0 2 |a Национальный исследовательский Томский политехнический университет (ТПУ)  |b Институт кибернетики (ИК)  |b Кафедра интегрированных компьютерных систем управления (ИКСУ)  |3 (RuTPU)RU\TPU\col\18701 
801 2 |a RU  |b 63413507  |c 20210310  |g RCR 
856 4 |u http://earchive.tpu.ru/handle/11683/20821 
856 4 |u http://www.lib.tpu.ru/fulltext/c/2014/C01/V2/117.pdf 
942 |c CF